| 000 | 00417nam a2200169Ia 4500 | ||
|---|---|---|---|
| 008 | 230524s9999 xx 000 0 und d | ||
| 020 | _a817656964X | ||
| 082 |
_a5.73 _bBAY |
||
| 100 | _aIvan Bayross | ||
| 245 | 0 | _a"SQL, PL/ SQL The Programming Language of Oracle," | |
| 250 | _a3RD | ||
| 260 |
_aNEW DELHI _bBPB _c2006 |
||
| 300 | _aXI;438 | ||
| 500 | _aQuantity Number: 74 | ||
| 650 | _aComp-Sc | ||
| 942 | _cBK | ||
| 999 |
_c24028 _d24028 |
||